Forbes - 10 Best Cities to Live in America - Statistics

General Stats
  • This quiz has been taken 43 times
  • The average score is 5 of 10
Answer Stats
# City % Correct
4 Seattle
79%
6 Miami
76%
8 Chicago
74%
2 Atlanta
63%
5 Washington D.C.
63%
7 Portland
58%
10 Charlotte
45%
1 Honolulu
37%
3 Pittsburgh
29%
9 Indianapolis
16%
No matching quizzes found
Score Distribution
Percent of People with Each Score
Percentile by Number Answered
Your Score History
You have not taken this quiz